Die 10 größten Städte in Belgien - Statistiken

Allgemein
  • Dieses Quiz wurde 339 mal gespielt
  • Das Durchschnittsergebnis liegt bei 6 aus 10
Antwortstatistiken
Einwohner Stadt % Korrekt
186.916 Brüssel
99%
529.417 Antwerpen
91%
263.703 Gent
85%
118.467 Brügge
79%
196.296 Lüttich
75%
201.837 Charleroi
48%
121.929 Anderlecht
37%
101.032 Löwen
32%
111.603 Namur
32%
131.451 Schaerbeck
5%
Keine übereinstimmenden Quizze gefunden
Verteilung der Resultate
Anzahl Personen mit jedem Resultat
Perzentil nach korrekt beantworteten Fragen
Ihre Resultats-Entwicklung
Sie haben dieses Quiz noch nicht gespielt